Tenniste che hanno vinto più Slam - Statistics

Statistiche generali
  • Questo quiz è stato fatto 20 volte
  • Il punteggio medio è 6 su 10
Statistiche sulle risposte
Nazione Totale trofei Australian Open Roland Garros Torneo di Wimbledon US Open Tennista % Corretto
Stati Uniti 23 7 3 7 6 Serena Williams
100%
Stati Uniti 7 0 0 5 2 Venus Williams
100%
Russia 5 1 2 1 1 Maria Sharapova
84%
Cecoslovacchia / Stati Uniti 18 3 2 9 4 Martina Navrátilová
74%
Germania Ovest / Germania 22 4 6 7 5 Steffi Graf
68%
Belgio 7 1 4 0 2 Justine Henin
42%
Jugoslavia / Stati Uniti 9 4 3 0 2 Monica Seles
42%
Stati Uniti 18 2 7 3 6 Chris Evert
37%
Svizzera 5 3 0 1 1 Martina Hingis
37%
Australia 5 4 1 2 0 Evonne Goolagong
16%
Nessun quiz corrispondente trovato
Distribuzione punteggi
Percentuale di utenti per punteggio
Percentile per numero di risposta
I tuoi punteggi nel tempo
Non hai fatto questo quiz